<?xml version="1.0" encoding="UTF-8"?>
<record
    xmlns:xsi="http://www.w3.org/2001/XMLSchema-instance"
    xsi:schemaLocation="http://www.loc.gov/MARC21/slim http://www.loc.gov/standards/marcxml/schema/MARC21slim.xsd"
    xmlns="http://www.loc.gov/MARC21/slim">

  <leader>02286nam a22005057a 4500</leader>
  <controlfield tag="003">OSt</controlfield>
  <controlfield tag="005">20240710123701.0</controlfield>
  <controlfield tag="007">ta</controlfield>
  <controlfield tag="008">201110n        rd acd||ri||| 001 0dspa d</controlfield>
  <datafield tag="040" ind1=" " ind2=" ">
    <subfield code="a">DO-SdBNP</subfield>
    <subfield code="b">spa</subfield>
    <subfield code="c">BNPHU</subfield>
  </datafield>
  <datafield tag="041" ind1=" " ind2=" ">
    <subfield code="h">spa</subfield>
  </datafield>
  <datafield tag="082" ind1=" " ind2="4">
    <subfield code="a">972.93 </subfield>
    <subfield code="b">M385m</subfield>
    <subfield code="2">22</subfield>
  </datafield>
  <datafield tag="100" ind1="1" ind2=" ">
    <subfield code="a">Mart&#xED;nez Almanzar, Juan Francisco</subfield>
    <subfield code="d">1950 -</subfield>
    <subfield code="9">10459</subfield>
  </datafield>
  <datafield tag="240" ind1=" " ind2=" ">
    <subfield code="a">[Historia dominicana.]</subfield>
  </datafield>
  <datafield tag="245" ind1="1" ind2="0">
    <subfield code="a">Manual de historia cr&#xED;tica dominicana (1492-1965) /</subfield>
    <subfield code="c">Juan Franciso Mart&#xED;nez Alm&#xE1;nzar</subfield>
  </datafield>
  <datafield tag="260" ind1=" " ind2=" ">
    <subfield code="a">Santo Domingo :</subfield>
    <subfield code="b">CAIS ,</subfield>
    <subfield code="b">DEA ,</subfield>
    <subfield code="c">[s.f.]</subfield>
  </datafield>
  <datafield tag="300" ind1=" " ind2=" ">
    <subfield code="a">558 p. ; </subfield>
    <subfield code="b">il., mapas, retrs. : </subfield>
    <subfield code="c">20 cm.</subfield>
  </datafield>
  <datafield tag="490" ind1=" " ind2=" ">
    <subfield code="a">Centro de adiestramiento e investigaci&#xF3;n social (CAIS)</subfield>
  </datafield>
  <datafield tag="500" ind1="0" ind2=" ">
    <subfield code="a">Contiene citas bibliogr&#xE1;ficas.</subfield>
  </datafield>
  <datafield tag="500" ind1="0" ind2=" ">
    <subfield code="a">Contiene bibliograf&#xED;a.</subfield>
  </datafield>
  <datafield tag="500" ind1="0" ind2=" ">
    <subfield code="a">Contiene datos biogr&#xE1;ficos del autor.</subfield>
  </datafield>
  <datafield tag="505" ind1="1" ind2="0">
    <subfield code="a">Tema I :</subfield>
    <subfield code="t">Prehistoria e historia.-</subfield>
  </datafield>
  <datafield tag="505" ind1="1" ind2="0">
    <subfield code="a">Tema II :</subfield>
    <subfield code="t">Situaci&#xF3;n de Europa del descubrimiento.- </subfield>
  </datafield>
  <datafield tag="505" ind1="1" ind2="0">
    <subfield code="a">Tema III:</subfield>
    <subfield code="t">La sociedad aborigen.-</subfield>
  </datafield>
  <datafield tag="505" ind1="1" ind2="0">
    <subfield code="a">Tema IV :</subfield>
    <subfield code="t">El descubrimiento de Am&#xE9;rica.-</subfield>
  </datafield>
  <datafield tag="505" ind1="1" ind2="0">
    <subfield code="a">Tema V :</subfield>
    <subfield code="t">Conquista y colonizaci&#xF3;n.-</subfield>
  </datafield>
  <datafield tag="505" ind1="1" ind2="0">
    <subfield code="a">Tema VI :</subfield>
    <subfield code="t">Col&#xF3;n y las anulaciones de la capitulaciones de Santa Fe.-</subfield>
  </datafield>
  <datafield tag="505" ind1="1" ind2="0">
    <subfield code="a">Tema VII :</subfield>
    <subfield code="t">El r&#xE9;gimen de las encomiendas.-</subfield>
  </datafield>
  <datafield tag="505" ind1="1" ind2="0">
    <subfield code="a">Tema VIII :</subfield>
    <subfield code="t">Inicio de la industria azucarera.-</subfield>
  </datafield>
  <datafield tag="505" ind1="1" ind2="0">
    <subfield code="a">Tema IX :</subfield>
    <subfield code="t">La espa&#xF1;ola de 1520 a 1550.-</subfield>
  </datafield>
  <datafield tag="505" ind1="1" ind2="0">
    <subfield code="a">Tema X :</subfield>
    <subfield code="t">La espa&#xF1;ola en la segunda mitad del siglo XVI.-</subfield>
  </datafield>
  <datafield tag="505" ind1="1" ind2="0">
    <subfield code="a">Tema XI :</subfield>
    <subfield code="t">La Isla de Santo Domingo en el siglo XVIII.-</subfield>
  </datafield>
  <datafield tag="505" ind1="1" ind2="0">
    <subfield code="a">Tema XII :</subfield>
    <subfield code="t">La isla de Santo Domingo en el siglo XVIII.-</subfield>
  </datafield>
  <datafield tag="505" ind1="1" ind2="0">
    <subfield code="a">Tema  XIII :</subfield>
    <subfield code="t">La revoluci&#xF3;n haitiana.-</subfield>
  </datafield>
  <datafield tag="505" ind1="1" ind2="0">
    <subfield code="a">Tema XIV :</subfield>
    <subfield code="t">La dominaci&#xF3;n francesa y espa&#xF1;ola a principios del siglo XIX.-</subfield>
  </datafield>
  <datafield tag="505" ind1="1" ind2="0">
    <subfield code="a">Tema XV :</subfield>
    <subfield code="t">Unificaci&#xF3;n pol&#xED;tica de la isla y separaci&#xF3;n.-</subfield>
  </datafield>
  <datafield tag="505" ind1="1" ind2="0">
    <subfield code="a">Tema XVI :</subfield>
    <subfield code="t">Los inicios de la primera rep&#xFA;blica.-Tema XVII</subfield>
  </datafield>
  <datafield tag="505" ind1="1" ind2="0">
    <subfield code="a">Tema XVII :</subfield>
    <subfield code="t">El caudillismos y la situaci&#xF3;n de la naciente rep&#xFA;blica durante su primer per&#xED;odo (1844-1861).-</subfield>
  </datafield>
  <datafield tag="505" ind1="1" ind2="0">
    <subfield code="a">Temas XVIII : </subfield>
    <subfield code="t">Anexi&#xF3;n y guerra de restauraci&#xF3;n.-</subfield>
  </datafield>
  <datafield tag="590" ind1=" " ind2=" ">
    <subfield code="a">Inventariado, 2021 / DG</subfield>
  </datafield>
  <datafield tag="650" ind1="4" ind2=" ">
    <subfield code="a">Rep&#xFA;blica Dominicana</subfield>
    <subfield code="x">Historia</subfield>
    <subfield code="9">416</subfield>
  </datafield>
  <datafield tag="830" ind1=" " ind2=" ">
    <subfield code="a">Centro de adiestramiento e investigaci&#xF3;n social (CAIS)</subfield>
    <subfield code="9">78665</subfield>
  </datafield>
  <datafield tag="910" ind1=" " ind2=" ">
    <subfield code="a">D/G</subfield>
  </datafield>
  <datafield tag="942" ind1=" " ind2=" ">
    <subfield code="2">ddc</subfield>
    <subfield code="c">LBS1</subfield>
  </datafield>
  <datafield tag="952" ind1=" " ind2=" ">
    <subfield code="0">0</subfield>
    <subfield code="1">0</subfield>
    <subfield code="2">ddc</subfield>
    <subfield code="5">1</subfield>
    <subfield code="7">0</subfield>
    <subfield code="8">PD</subfield>
    <subfield code="a">BNPHU</subfield>
    <subfield code="b">BNPHU</subfield>
    <subfield code="c">HD</subfield>
    <subfield code="d">2020-11-10</subfield>
    <subfield code="e">Donado por FUNDI</subfield>
    <subfield code="o">BNPHU PD 972.93 M385m</subfield>
    <subfield code="p">49118</subfield>
    <subfield code="r">2020-11-10</subfield>
    <subfield code="w">2020-11-10</subfield>
    <subfield code="y">LBS1</subfield>
  </datafield>
  <datafield tag="999" ind1=" " ind2=" ">
    <subfield code="c">49118</subfield>
    <subfield code="d">49118</subfield>
  </datafield>
</record>
